|
|
|
|
| LEADER |
00747nam a2200253 a 4500 |
| 001 |
7805 |
| 003 |
BD-DhAAL |
| 008 |
|
| 020 |
|
|
|a 058233201X
|
| 020 |
|
|
|a 0582318416
|
| 020 |
|
|
|a 0582318408
|
| 040 |
|
|
|d BD-DhAAL
|
| 082 |
|
|
|a 510
|
| 100 |
1 |
|
|a Channon, J. B.
|q (John Bredin)
|9 14582
|
| 245 |
0 |
0 |
|a NEW GENERAL MATHEMATICS.
|
| 260 |
|
|
|b LONGMAN
|c 1970.
|
| 300 |
|
|
|a x, 510 p. :
|b ill. ;
|c 18 cm.
|
| 541 |
|
|
|e 7805
|
| 650 |
|
|
|a Mathematics.
|9 14583
|
| 700 |
1 |
1 |
|a McLEISH-SMITH A.
|9 14584
|
| 700 |
1 |
1 |
|a HEAD H C.
|9 14585
|
| 942 |
|
|
|2 ddc
|c BK
|
| 999 |
|
|
|c 35512
|d 35512
|
| 952 |
|
|
|0 0
|1 0
|2 ddc
|4 0
|6 510_000000000000000_CHA
|7 0
|9 55857
|a SCL
|b SCL
|c GEN
|d 2015-09-13
|e Gift
|l 0
|o 510 CHA
|p 3020007805
|r 2015-09-13
|t 1
|w 2015-09-13
|y BK
|